একুশের প্রবন্ধ ২০০৬ / (Record no. 2242)
[ view plain ]
| 000 -LEADER | |
|---|---|
| fixed length control field | 00942nam a2200241 a 4500 |
| 001 - CONTROL NUMBER | |
| JCCL Control Number | 2242 |
| 003 - CONTROL NUMBER IDENTIFIER | |
| JCCL marc code | BD-JhCC |
| 005 - DATE AND TIME OF LATEST TRANSACTION | |
| control field | 20171101173440.0 |
| 008 - FIXED-LENGTH DATA ELEMENTS--GENERAL INFORMATION | |
| fixed length control field | 171031s2009 bg |||| ||a| 000 0 ben d |
| 020 ## - INTERNATIONAL STANDARD BOOK NUMBER | |
| International Standard Book Number | 98407472282 |
| 035 ## - SYSTEM CONTROL NUMBER | |
| system control number | (BD-JhCC)2242 |
| 040 ## - CATALOGING SOURCE | |
| Original cataloging agency | BD-JhCC |
| Modifying agency | BD-JhCC |
| 041 ## - LANGUAGE CODE | |
| Language code of Book | ben |
| 082 ## - DEWEY DECIMAL CLASSIFICATION NUMBER | |
| Classification number | 891.4409 |
| Author mark and Year | AKU 2006 |
| 245 ## - TITLE STATEMENT | |
| Title | একুশের প্রবন্ধ ২০০৬ / |
| Statement of responsibility, etc | সৈয়দ মোহাম্মদ শাহেদ; মোহাম্মদ আবদুল হাই; মোহাম্মদ মিজানুর রহমান (সম্পা.) |
| 260 ## - PUBLICATION, DISTRIBUTION, ETC. (IMPRINT) | |
| Place of publication, distribution, etc | ঢাকা : |
| Name of publisher, distributor, etc | বাংলা একাডেমী, |
| Date of publication, distribution, etc | 2006. |
| 300 ## - PHYSICAL DESCRIPTION | |
| Pagination | 216 p. : |
| Dimensions | 21 cm. |
| 650 ## - SUBJECT ADDED ENTRY--TOPICAL TERM | |
| Topical term or geographic name as entry element | Collection of Essays |
| General subdivision | Bengali Literature |
| 700 ## - ADDED ENTRY--PERSONAL NAME | |
| Personal name | শাহেদ, সৈয়দ মোহাম্মদ |
| 700 ## - ADDED ENTRY--PERSONAL NAME | |
| Personal name | হাই, মোহাম্মদ আবদুল |
| 942 ## - ADDED ENTRY ELEMENTS (KOHA) | |
| Source of classification or shelving scheme | Dewey Decimal Classification |
| Koha item type | Books |
| Source of classification or shelving scheme | Damaged status | Not for loan | Home library | Current library | Shelving location | Date of accession | Cost, normal purchase price | Total Checkouts | Full call number | Barcode | Date last seen | Copy number | Koha item type |
|---|---|---|---|---|---|---|---|---|---|---|---|---|---|
| Dewey Decimal Classification | JCC Rouf Library | JCC Rouf Library | General Stacks | 10/31/2017 | 90.00 | 891.4409 AKU 2006 | 3592 | 10/31/2017 | C-1 | Books |